000 00882nas a2200289 4500
001 BR2011005677
003 BR-BrBNA
005 20231205115630.0
007 ta
008 230509b bl.|||p| |||| 00| 00por d
040 _aBR-BrBNA
_bpor
_cBiblioteca Nacional de Agricultura
041 _a(Pt)
072 _aM12
100 1 _aFurlaneto, F. de P.B.
100 1 _aEsperancini, M.S.T.
100 1 _aBueno, O. de C.
245 1 _aAnálise energética do bicultivo de peixes na região do médio Paranapanema, estado de São Paulo
650 _aPISCICULTURA
650 _aTANQUE
650 _aPACU
650 _aPIAUÇU
650 _aAGRICULTURA SUSTENTÁVEL
650 _aBALANÇO DE ENERGIA
773 0 _tEnergia na Agricultura (Brazil)
_xISSN 1808-8759
_g(2009), v. 24(2) p. 92-105
_wBR2011005677
909 _a202311
_bLúcia
_c55
_dLúcia Elande
942 _2AGRIS
_n0
_cANA
999 _c214907
_d214907